[Event "GER-ch Rapid (Women)"]
[Site "Dinkelsbuehl"]
[Date "2023.11.12"]
[Round "6"]
[White "Stark, Amalia"]
[Black "Wagner, Margarethe"]
[Result "0-1"]
[WhiteElo "1444"]
[BlackElo "1830"]
[PlyCount "92"]
[EventDate "2023.11.11"]
[EventType "swiss (rapid)"]
[EventRounds "9"]
[EventCountry "GER"]
[SourceTitle "CB47_2023"]
[SourceDate "2023.11.22"]
[SourceVersion "1"]
[SourceVersionDate "2023.11.22"]
[SourceQuality "1"]

1. e4 c5 2. Nf3 d6 3. d4 cxd4 4. Nxd4 Nf6 5. Nc3 a6 6. Rg1 e5 7. Nf3 Be7 8. h3 h5 9. Bc4 Be6 10. Bxe6 fxe6 11. Ng5 Qd7 12. Be3 d5 13. Ne2 Nc6 14. c3 h4 15. Rf1 d4 16. cxd4 Bb4+ 17. Bd2 exd4 18. Qb3 Bxd2+ 19. Kxd2 e5 20. f4 0-0-0 21. Rac1 d3 22. Nc3 Kb8 23. Qf7 exf4 24. Rxf4 Ne5 25. Qxd7 Rxd7 26. Na4 Rd4 27. b3 Ng6 28. Rf2 Re8 29. Nc5 Ka7 30. Nce6 Rd7 31. Nc5 Rc7 32. Nge6 Rxe6 33. Nxe6 Nxe4+ 34. Ke3 Rxc1 35. Kxe4 Re1+ 36. Kd5 Re2 37. Rf1 Rxg2 38. a4 Re2 39. Nc5 d2 40. Rd1 Nf4+ 41. Kd4 Nxh3 42. Ne4 Rxe4+ 43. Kxe4 Nf2+ 44. Ke3 Nxd1+ 45. Kxd2 h3 46. Kxd1 h2 0-1

[Event "GER-ch Rapid (Women)"]
[Site "Dinkelsbuehl"]
[Date "2023.11.11"]
[Round "4"]
[White "Muedder, Melanie"]
[Black "Wagner, Margarethe"]
[Result "1-0"]
[WhiteElo "1813"]
[BlackElo "1830"]
[PlyCount "101"]
[EventDate "2023.11.11"]
[EventType "swiss (rapid)"]
[EventRounds "9"]
[EventCountry "GER"]
[SourceTitle "CB47_2023"]
[SourceDate "2023.11.22"]
[SourceVersion "1"]
[SourceVersionDate "2023.11.22"]
[SourceQuality "1"]

1. e4 c5 2. Nc3 d6 3. d4 cxd4 4. Qxd4 Nc6 5. Qd2 Nf6 6. b3 e5 7. Bb2 Be6 8. 0-0-0 a6 9. Kb1 Be7 10. Nge2 Qc7 11. f4 0-0-0 12. f5 Bd7 13. Nd5 Nxd5 14. Qxd5 Nb4 15. Qd2 d5 16. a3 Nc6 17. exd5 Bxf5 18. Ng3 Bg6 19. Be2 Nd4 20. Bxd4 exd4 21. Bc4 Bf6 22. Ne2 Qc5 23. Qb4 Qxb4 24. axb4 b5 25. Bd3 Rxd5 26. Bxg6 hxg6 27. Nf4 Rd7 28. Nd3 Re8 29. Nc5 Rd6 30. Rhe1 Be5 31. g3 Rc6 32. Re4 a5 33. Nd3 f6 34. bxa5 Ree6 35. b4 Rc4 36. Kb2 Rec6 37. Rc1 Bd6 38. Kb3 Rc3+ 39. Kb2 R6c4 40. a6 Rxd3 41. cxd3 Rxc1 42. Kxc1 Bxb4 43. Rxd4 Ba3+ 44. Kb1 Kb8 45. Ka2 b4 46. Rd7 g5 47. Rxg7 Bc1 48. Kb3 Bd2 49. d4 Bc3 50. d5 Ka8 51. d6 1-0

[Event "GER-ch Rapid (Women)"]
[Site "Dinkelsbuehl"]
[Date "2023.11.11"]
[Round "3"]
[White "Wagner, Margarethe"]
[Black "Birkholz, Olga"]
[Result "1-0"]
[WhiteElo "1830"]
[BlackElo "1996"]
[PlyCount "105"]
[EventDate "2023.11.11"]
[EventType "swiss (rapid)"]
[EventRounds "9"]
[EventCountry "GER"]
[SourceTitle "CB47_2023"]
[SourceDate "2023.11.22"]
[SourceVersion "1"]
[SourceVersionDate "2023.11.22"]
[SourceQuality "1"]

1. e4 d6 2. d4 g6 3. Nc3 Bg7 4. f4 Nh6 5. Be2 0-0 6. Nf3 b6 7. h3 c5 8. Be3 f5 9. e5 cxd4 10. Bxd4 d5 11. e6 Bb7 12. Bxg7 Kxg7 13. Qd2 Qd6 14. 0-0-0 Qxe6 15. Rhe1 Qd6 16. Nxd5 Bxd5 17. Qxd5 Qxd5 18. Rxd5 Nc6 19. Bb5 Rac8 20. Bxc6 Rxc6 21. Rxe7+ Rf7 22. Rdd7 Rxe7 23. Rxe7+ Kf6 24. Rxa7 Ng8 25. Ne5 Rd6 26. Rf7+ Ke6 27. Rxh7 Ne7 28. Rh6 Kf6 29. Rh8 Rd4 30. Nd3 Re4 31. Kd2 Nd5 32. g3 Kg7 33. Rd8 Nf6 34. Rd6 Ra4 35. Rxb6 Ne4+ 36. Ke3 Nxg3 37. a3 Ne4 38. Ne5 Nf6 39. c4 Ra5 40. Kd4 Ra7 41. c5 Ra4+ 42. Rb4 Ra5 43. Rb7+ Kh6 44. Rb6 Kg7 45. Nc4 Ra8 46. Rd6 Re8 47. Ne5 Ra8 48. c6 Rc8 49. b4 Ra8 50. b5 Rxa3 51. c7 Ra4+ 52. Nc4 Ra8 53. Rd8 1-0

[Event "GER-ch U18 Girls"]
[Site "Willingen"]
[Date "2023.06.02"]
[Round "8"]
[White "Wagner, Margarethe"]
[Black "Adelhardt, Lisa"]
[Result "1-0"]
[WhiteElo "1831"]
[BlackElo "1656"]
[PlyCount "139"]
[EventDate "2023.05.27"]
[EventType "swiss"]
[EventRounds "9"]
[EventCountry "GER"]
[SourceTitle "CBM 214 Extra"]
[Source "ChessBase"]
[SourceDate "2023.07.31"]
[SourceVersion "1"]
[SourceVersionDate "2023.07.31"]
[SourceQuality "1"]

1. e4 c5 2. Nf3 Nc6 3. d4 cxd4 4. Nxd4 e6 5. Be3 Nf6 6. Nxc6 bxc6 7. Bd3 d5 8. exd5 cxd5 9. 0-0 Be7 10. Bd4 0-0 11. Re1 Re8 12. Nd2 Nd7 13. Nf3 Bf6 14. Bb5 Rb8 15. Bxd7 Qxd7 16. b3 Bxd4 17. Qxd4 f6 18. Rad1 Qc7 19. Qd3 Rb6 20. Qd2 Kf7 21. Rc1 Ba6 22. Nd4 e5 23. Nf5 Qd7 24. Ne3 Rd6 25. Qd1 g6 26. Qf3 Bb7 27. Qg3 f5 28. Qh4 Kg7 29. Qb4 Qc6 30. f3 Qb6 31. Qxb6 axb6 32. a4 Ba6 33. c4 dxc4 34. Nxc4 Bxc4 35. Rxc4 Re7 36. Rec1 Kf6 37. b4 Ra7 38. b5 Ke6 39. Kf1 Kd7 40. Ke2 Rd5 41. R1c3 Rd6 42. Rh4 Ke6 43. Rhc4 Rad7 44. Rc6 Ke7 45. Rxd6 Rxd6 46. Rc7+ Rd7 47. Rc8 Rd4 48. Rc7+ Rd7 49. Rc4 Rd6 50. g3 Kd7 51. h4 h6 52. Ke3 h5 53. Ke2 Ke6 54. Ke3 Kd5 55. Kd3 Re6 56. Rc8 e4+ 57. fxe4+ fxe4+ 58. Ke3 Ke5 59. Rc4 Kf5 60. Rc6 Rxc6 61. bxc6 Ke6 62. c7 Kd7 63. c8Q+ Kxc8 64. Kxe4 Kd7 65. Kd5 Kc7 66. Ke6 Kc6 67. Kf6 Kc5 68. Kxg6 Kb4 69. Kxh5 Kxa4 70. g4 1-0

[Event "GER-ch U18 Girls"]
[Site "Willingen"]
[Date "2023.05.31"]
[Round "6"]
[White "Wagner, Margarethe"]
[Black "Groeschel, Karoline"]
[Result "1-0"]
[WhiteElo "1831"]
[BlackElo "1892"]
[PlyCount "119"]
[EventDate "2023.05.27"]
[EventType "swiss"]
[EventRounds "9"]
[EventCountry "GER"]
[SourceTitle "CBM 214 Extra"]
[Source "ChessBase"]
[SourceDate "2023.07.31"]
[SourceVersion "1"]
[SourceVersionDate "2023.07.31"]
[SourceQuality "1"]

1. e4 c5 2. Nf3 e6 3. d4 cxd4 4. Nxd4 Nf6 5. Bd3 d6 6. 0-0 a6 7. c4 Be7 8. Nc3 Qc7 9. Qe2 Nbd7 10. Bd2 b6 11. b3 Bb7 12. Rac1 0-0 13. Rfe1 Rfe8 14. Kh1 Nf8 15. Bb1 Rac8 16. f3 Qb8 17. Qf2 Bd8 18. Nc2 Bc7 19. f4 N8d7 20. Ne3 Nc5 21. Nf1 Qa8 22. Ng3 Rcd8 23. h3 Qb8 24. Rcd1 Bc6 25. Be3 Qb7 26. Bd4 e5 27. fxe5 dxe5 28. Bxc5 bxc5 29. Rxd8 Bxd8 30. Nf5 Qb6 31. Rd1 Bc7 32. Qg3 g6 33. Ne3 Nh5 34. Qf2 Nf4 35. Ned5 Bxd5 36. exd5 Bd6 37. Ne4 f5 38. Nf6+ Kf7 39. Nxe8 Kxe8 40. Qh4 Qc7 41. Qf6 a5 42. g3 Nh5 43. Qe6+ Kf8 44. g4 Ng3+ 45. Kg2 f4 46. h4 Qe7 47. Qc8+ Kg7 48. g5 e4 49. Qe6 Qxe6 50. dxe6 Be5 51. Bxe4 Nxe4 52. Re1 f3+ 53. Kxf3 Bd6 54. Kxe4 Kf8 55. Kd5 Bg3 56. Rf1+ Ke8 57. Rf7 Bxh4 58. Rxh7 Bxg5 59. Rg7 Be3 60. Rxg6 1-0

[Event "BL2 Ost 2122 (Women)"]
[Site "Germany"]
[Date "2022.04.10"]
[Round "7.2"]
[White "Wagner, Margarethe"]
[Black "Gempe, Anet"]
[Result "1/2-1/2"]
[WhiteElo "1895"]
[BlackElo "1980"]
[PlyCount "53"]
[EventDate "2021.11.27"]
[EventType "team-tourn"]
[EventRounds "7"]
[EventCountry "GER"]
[SourceTitle "EXT 2023"]
[Source "ChessBase"]
[SourceDate "2022.10.05"]
[SourceVersion "1"]
[SourceVersionDate "2022.10.05"]
[SourceQuality "1"]
[WhiteTeam "Zeulenroda Rochade (W)"]
[BlackTeam "Leipzig SG (W)"]
[WhiteTeamCountry "GER"]
[BlackTeamCountry "GER"]

1. e4 e6 2. d4 d5 3. e5 c5 4. c3 Nc6 5. Nf3 Qb6 6. a3 Bd7 7. b4 cxd4 8. cxd4 Rc8 9. Bb2 Na5 10. Nbd2 Nc4 11. Nxc4 dxc4 12. Rc1 a5 13. Bxc4 axb4 14. Qb3 Qa5 15. 0-0 bxa3 16. Bc3 Qa4 17. Qxa4 Bxa4 18. Bd2 Ne7 19. Bb4 Nc6 20. Bxf8 Rxf8 21. d5 exd5 22. Bxd5 Ke7 23. Ra1 Rfd8 24. Be4 Nd4 25. Rxa3 Nxf3+ 26. Bxf3 Bc6 27. Bxc6 1/2-1/2

[Event "BL2 Ost 2122 (Women)"]
[Site "Germany"]
[Date "2022.03.19"]
[Round "4.2"]
[White "Wagner, Margarethe"]
[Black "Wagner Michel, Annett"]
[Result "0-1"]
[WhiteElo "1881"]
[BlackElo "2098"]
[PlyCount "96"]
[EventDate "2021.11.27"]
[EventType "team-tourn"]
[EventRounds "7"]
[EventCountry "GER"]
[SourceTitle "EXT 2023"]
[Source "ChessBase"]
[SourceDate "2022.10.05"]
[SourceVersion "1"]
[SourceVersionDate "2022.10.05"]
[SourceQuality "1"]
[WhiteTeam "Zeulenroda Rochade (W)"]
[BlackTeam "Rotation Pankow (W)"]
[WhiteTeamCountry "GER"]
[BlackTeamCountry "GER"]

1. e4 c5 2. Nf3 Nc6 3. d4 cxd4 4. Nxd4 Nf6 5. Nc3 d6 6. Bg5 a6 7. Nxc6 bxc6 8. Qd2 Qb6 9. b3 Qa5 10. Be2 h6 11. Be3 e5 12. 0-0 Qc7 13. f4 Bg4 14. h3 Bxe2 15. Qxe2 Be7 16. Rad1 0-0 17. Qf3 Rab8 18. fxe5 dxe5 19. Na4 Nh7 20. c4 Ng5 21. Qg4 Qc8 22. Qxc8 Rbxc8 23. Bxg5 Bxg5 24. Rd3 Rfd8 25. Rfd1 Be3+ 26. Kf1 Rxd3 27. Rxd3 Bd4 28. Ke2 Kf8 29. c5 Rb8 30. Nb6 Ke7 31. b4 h5 32. Ra3 g6 33. Rxa6 f5 34. Ra7+ Ke6 35. exf5+ gxf5 36. Rg7 f4 37. Rg6+ Kf5 38. Rxc6 Rg8 39. Kf1 Ke4 40. Nc4 Kd3 41. Nxe5+ Bxe5 42. Rh6 f3 43. g4 hxg4 44. hxg4 Rxg4 45. Kf2 Ke4 46. Re6 Rg2+ 47. Kf1 Kd5 48. Rh6 Bd4 0-1

[Event "BL2 Ost 2122 (Women)"]
[Site "Germany"]
[Date "2021.11.27"]
[Round "1.3"]
[White "Nguyen, Ha Thanh"]
[Black "Wagner, Margarethe"]
[Result "1/2-1/2"]
[WhiteElo "1956"]
[BlackElo "1821"]
[PlyCount "90"]
[EventDate "2021.11.27"]
[EventType "team-tourn"]
[EventRounds "7"]
[EventCountry "GER"]
[SourceTitle "EXT 2023"]
[Source "ChessBase"]
[SourceDate "2022.10.05"]
[SourceVersion "1"]
[SourceVersionDate "2022.10.05"]
[SourceQuality "1"]
[WhiteTeam "Medizin Erfurt (W)"]
[BlackTeam "Zeulenroda Rochade (W)"]
[WhiteTeamCountry "GER"]
[BlackTeamCountry "GER"]

1. e4 c5 2. Nf3 d6 3. d4 cxd4 4. Nxd4 Nf6 5. Nc3 a6 6. Be3 e5 7. Nb3 Be7 8. Be2 0-0 9. 0-0 b5 10. a4 Bb7 11. axb5 axb5 12. Rxa8 Bxa8 13. Bxb5 Nxe4 14. Nd5 Bg5 15. Bb6 Qc8 16. c4 Nd7 17. Ba5 Kh8 18. Re1 Nec5 19. Nxc5 Nxc5 20. Nb6 Qe6 21. Nxa8 Rxa8 22. b4 Na6 23. Qf3 Qc8 24. Qxf7 Bd2 25. Bxa6 Qxa6 26. Rd1 Bc3 27. h3 Bd4 28. Rd3 Rc8 29. Rf3 Qa8 30. Bc7 e4 31. Rf5 Qa1+ 32. Kh2 Be5+ 33. g3 Rg8 34. Qd5 e3 35. fxe3 Qb2+ 36. Qg2 Qxb4 37. Qe2 Qc5 38. Rf7 Qc6 39. Ba5 Qe8 40. Rf2 Bxg3+ 41. Kxg3 Qe5+ 42. Kg2 Qxa5 43. Qd3 Qg5+ 44. Kh2 Qe5+ 45. Kg2 Qg5+ 1/2-1/2

[Event "GER-ch U16 Girls"]
[Site "Willingen"]
[Date "2021.08.29"]
[Round "9"]
[White "Wagner, Margarethe"]
[Black "Albayrak, Nese Pinar"]
[Result "1-0"]
[WhiteElo "1832"]
[BlackElo "1546"]
[PlyCount "159"]
[EventDate "2021.08.22"]
[EventType "swiss"]
[EventRounds "9"]
[EventCountry "GER"]
[SourceTitle "EXT 2022"]
[Source "ChessBase"]
[SourceDate "2021.10.06"]
[SourceVersion "1"]
[SourceVersionDate "2021.10.06"]
[SourceQuality "1"]

1. e4 e5 2. Nf3 Nc6 3. Bb5 a6 4. Ba4 Nf6 5. 0-0 b5 6. Bb3 Be7 7. Re1 0-0 8. a4 b4 9. a5 d6 10. c3 bxc3 11. bxc3 Bg4 12. h3 Bh5 13. d3 Rb8 14. Nbd2 Qc8 15. Bc4 Rd8 16. Qa4 Na7 17. Qa2 c5 18. Nh2 Nb5 19. Bb2 Bg6 20. Ndf1 Nh5 21. Ne3 Nf4 22. Nd5 Nxd5 23. Bxd5 Bg5 24. Nf3 Bf4 25. Nh4 Rf8 26. Nxg6 hxg6 27. Rad1 g5 28. Ba1 g4 29. hxg4 Qxg4 30. Qe2 Qg6 31. Bc4 Kh7 32. Qf3 Rh8 33. Kf1 Kg8 34. g3 Bg5 35. Qf5 Qxf5 36. exf5 Rh1+ 37. Ke2 Rxe1+ 38. Kxe1 Nc7 39. Ke2 Kf8 40. Ba2 Ke7 41. Rb1 Rb5 42. Rxb5 axb5 43. Bb2 Kf6 44. g4 g6 45. fxg6 Kxg6 46. d4 exd4 47. cxd4 Bd8 48. dxc5 dxc5 49. Bb1+ Kg5 50. Bf5 Na6 51. Bc8 Nb4 52. a6 Bb6 53. Be5 f6 54. Bd6 Nc6 55. Bd7 Na7 56. f4+ Kg6 57. Kd3 Kf7 58. Ke4 c4 59. Bb4 Bc7 60. Bc5 Bb8 61. f5 Kg7 62. Bxa7 Bxa7 63. Bxb5 c3 64. Kd3 Kf7 65. Kxc3 Ke7 66. Kc4 Kd6 67. Be8 Be3 68. Kb5 Ba7 69. Bc6 Be3 70. Bb7 Ba7 71. Kc4 Ke5 72. Bf3 Bf2 73. Kd3 Ba7 74. Bd1 Bb6 75. Ke2 Kf4 76. Kf1 Kg3 77. g5 fxg5 78. f6 Bc5 79. f7 Kf4 80. a7 1-0

[Event "GER-ch U16 Girls"]
[Site "Willingen"]
[Date "2021.08.28"]
[Round "8"]
[White "Dietz, Kristin"]
[Black "Wagner, Margarethe"]
[Result "1-0"]
[WhiteElo "1933"]
[BlackElo "1832"]
[PlyCount "75"]
[EventDate "2021.08.22"]
[EventType "swiss"]
[EventRounds "9"]
[EventCountry "GER"]
[SourceTitle "EXT 2022"]
[Source "ChessBase"]
[SourceDate "2021.10.06"]
[SourceVersion "1"]
[SourceVersionDate "2021.10.06"]
[SourceQuality "1"]

1. e4 c5 2. Nf3 d6 3. d4 cxd4 4. Nxd4 Nf6 5. Nc3 a6 6. Qf3 e5 7. Nf5 Be6 8. Bg5 Nbd7 9. 0-0-0 Qc7 10. h3 Rc8 11. Bd3 Bxf5 12. exf5 Be7 13. g4 Qc6 14. Qxc6 Rxc6 15. Bxf6 Nxf6 16. Rhe1 0-0 17. f4 Rc5 18. Na4 Ra5 19. Nb6 Rc5 20. g5 Nh5 21. Nd7 Nxf4 22. f6 Nxd3+ 23. Rxd3 Bd8 24. Nxf8 Kxf8 25. Rxd6 Bc7 26. Rd7 gxf6 27. gxf6 h6 28. Red1 Kg8 29. Re7 e4 30. Rdd7 Bf4+ 31. Kd1 e3 32. Rxf7 Rd5+ 33. Rxd5 Kxf7 34. Rd7+ Kxf6 35. Rxb7 Kf5 36. Rb6 Ke4 37. Ke2 a5 38. Ra6 1-0

[Event "GER-ch U16 Girls"]
[Site "Willingen"]
[Date "2021.08.23"]
[Round "1"]
[White "Wagner, Margarethe"]
[Black "Woerz, Ann Sophie"]
[Result "1-0"]
[WhiteElo "1832"]
[BlackElo "1563"]
[PlyCount "76"]
[EventDate "2021.08.22"]
[EventType "swiss"]
[EventRounds "9"]
[EventCountry "GER"]
[SourceTitle "EXT 2022"]
[Source "ChessBase"]
[SourceDate "2021.10.06"]
[SourceVersion "1"]
[SourceVersionDate "2021.10.06"]
[SourceQuality "1"]

1. e4 d5 2. exd5 Qxd5 3. Nc3 Qa5 4. d4 Nf6 5. Bc4 Bf5 6. a3 e6 7. Nge2 Nbd7 8. Bd2 c6 9. 0-0 Bd6 10. Nb5 Bxh2+ 11. Kxh2 Qd8 12. Nd6+ Kf8 13. Nxf5 exf5 14. Kg1 Ne4 15. Bb4+ Kg8 16. Nf4 g6 17. Qd3 Qc7 18. Ne2 a5 19. Be1 Rd8 20. Qb3 Ndf6 21. f3 Nd6 22. Bg3 b5 23. Bd3 Nd5 24. Rfe1 Qd7 25. Nf4 Nf6 26. Bh4 Nde8 27. c3 Kg7 28. Re2 h6 29. Bxf6+ Nxf6 30. Rae1 Rde8 31. Re5 a4 32. Qc2 Qd8 33. Qe2 Rxe5 34. dxe5 Qb6+ 35. Qf2 Qxf2+ 36. Kxf2 Nd7 37. e6 fxe6 38. Rxe6 Rc8 1-0

[Event "GER-ch U16 Girls"]
[Site "Willingen"]
[Date "2021.08.23"]
[Round "2"]
[White "Werner, Rosalie"]
[Black "Wagner, Margarethe"]
[Result "1/2-1/2"]
[WhiteElo "1741"]
[BlackElo "1832"]
[PlyCount "93"]
[EventDate "2021.08.22"]
[EventType "swiss"]
[EventRounds "9"]
[EventCountry "GER"]
[SourceTitle "EXT 2022"]
[Source "ChessBase"]
[SourceDate "2021.10.06"]
[SourceVersion "1"]
[SourceVersionDate "2021.10.06"]
[SourceQuality "1"]

1. e4 c5 2. Nc3 a6 3. g3 g6 4. Bg2 Bg7 5. Nge2 e5 6. d3 Ne7 7. 0-0 Nbc6 8. f4 exf4 9. gxf4 d6 10. Qe1 0-0 11. Kh1 f5 12. Be3 Rb8 13. Bf2 Kh8 14. Bh4 Qc7 15. Bg5 b5 16. Qh4 Bb7 17. Rf3 b4 18. Rh3 h5 19. Ng3 bxc3 20. Nxh5 gxh5 21. Qxh5+ Kg8 22. Qh7+ Kf7 23. Bh6 Ke6 24. Bxg7 cxb2 25. Bxb2 Nd4 26. Bxd4 cxd4 27. Re1 fxe4 28. Rh6+ Kd7 29. Bxe4 Bxe4+ 30. Rxe4 Kd8 31. Rhe6 Rb1+ 32. Kg2 Re8 33. Re2 Rc1 34. Qf7 Qb7+ 35. Kf2 Qd7 36. Qf6 Rh1 37. Rxd6 Rxh2+ 38. Ke1 Rxe2+ 39. Kxe2 Kc8 40. Rxd7 Nd5+ 41. Re7 Rxe7+ 42. Qxe7 Nxe7 43. Kf3 Kc7 44. Ke4 Nc6 45. Kd5 Nb4+ 46. Kxd4 Nxc2+ 47. Kc3 1/2-1/2

[Event "GER-ch U14 Girls"]
[Site "Willingen"]
[Date "2020.10.24"]
[Round "7"]
[White "Wagner, Margarethe"]
[Black "Zhou, Lepu Coco"]
[Result "1/2-1/2"]
[WhiteElo "1804"]
[BlackElo "1872"]
[PlyCount "109"]
[EventDate "2020.10.19"]
[EventType "swiss"]
[EventRounds "7"]
[EventCountry "GER"]
[SourceTitle "EXT 2022"]
[Source "ChessBase"]
[SourceDate "2021.10.06"]
[SourceVersion "1"]
[SourceVersionDate "2021.10.06"]
[SourceQuality "1"]

1. e4 e5 2. Nf3 Nc6 3. Bb5 a6 4. Ba4 Nf6 5. 0-0 Be7 6. Re1 b5 7. Bb3 0-0 8. a4 Bb7 9. d3 d6 10. c3 Na5 11. Bc2 c5 12. Nbd2 Re8 13. Nf1 Bf8 14. Ng3 g6 15. h4 d5 16. Bg5 h6 17. Bd2 dxe4 18. dxe4 Nc4 19. b3 Nxd2 20. Qxd2 Qxd2 21. Nxd2 Red8 22. Nf3 Ng4 23. c4 bxc4 24. bxc4 a5 25. Nf1 Ba6 26. N1d2 Rab8 27. Nb3 Bxc4 28. Nxa5 Rb2 29. Nxc4 Rxc2 30. Ne3 Nxe3 31. Rxe3 c4 32. Nxe5 Bg7 33. f4 Rdd2 34. Rg3 g5 35. hxg5 hxg5 36. Rf1 gxf4 37. Rxf4 Rc1+ 38. Kh2 Rdd1 39. Rgg4 Rh1+ 40. Kg3 Rc3+ 41. Kf2 Rc2+ 42. Kg3 Rg1 43. Kh2 Rcc1 44. Rxf7 Rh1+ 45. Kg3 Rc3+ 46. Kf2 Rh7 47. Rc7 Kf8 48. Rf7+ Kg8 49. Rg6 Ra3 50. Ra7 Kf8 51. Rc6 Ra2+ 52. Kf3 Ra3+ 53. Ke2 Ra2+ 54. Kf3 Ra3+ 55. Ke2 1/2-1/2

[Event "GER-ch U14 Girls"]
[Site "Willingen"]
[Date "2020.10.23"]
[Round "6"]
[White "Becker, Linda"]
[Black "Wagner, Margarethe"]
[Result "1/2-1/2"]
[WhiteElo "1767"]
[BlackElo "1804"]
[PlyCount "82"]
[EventDate "2020.10.19"]
[EventType "swiss"]
[EventRounds "7"]
[EventCountry "GER"]
[SourceTitle "EXT 2022"]
[Source "ChessBase"]
[SourceDate "2021.10.06"]
[SourceVersion "1"]
[SourceVersionDate "2021.10.06"]
[SourceQuality "1"]

1. e4 c5 2. Nc3 Nc6 3. Bb5 Nd4 4. f4 e6 5. Nf3 Nxb5 6. Nxb5 a6 7. Nc3 Be7 8. 0-0 b5 9. d3 Bb7 10. Bd2 d5 11. exd5 exd5 12. Re1 Nf6 13. Qe2 d4 14. Nd1 Bxf3 15. Qxf3 0-0 16. Nf2 Re8 17. Re2 Qd5 18. Ne4 Nxe4 19. Rxe4 Qd7 20. Rae1 Bd6 21. f5 Rxe4 22. Qxe4 Rb8 23. Bg5 Qc7 24. h3 c4 25. f6 cxd3 26. cxd3 g6 27. Bh6 Qd7 28. Kh1 Bg3 29. Re2 a5 30. Bf4 Bxf4 31. Qxf4 Qd8 32. Re4 Rb6 33. Re7 Re6 34. Qh4 Qf8 35. Rxe6 fxe6 36. Qxd4 Kf7 37. Qd7+ Kxf6 38. Qxb5 Qd8 39. Qc4 Qb6 40. Qc3+ e5 41. b3 Qf2 1/2-1/2

[Event "GER-chT Lands U20"]
[Site "Berlin"]
[Date "2020.10.03"]
[Round "6.4"]
[White "Schulz, Hannah"]
[Black "Wagner, Margarethe"]
[Result "0-1"]
[WhiteElo "1589"]
[BlackElo "1804"]
[PlyCount "90"]
[EventDate "2020.09.29"]
[EventType "team-swiss"]
[EventRounds "7"]
[EventCountry "GER"]
[SourceTitle "CBM 198 Extra"]
[Source "ChessBase"]
[SourceDate "2020.11.30"]
[SourceVersion "1"]
[SourceVersionDate "2020.11.30"]
[SourceQuality "1"]
[WhiteTeam "Baden U20"]
[BlackTeam "Thueringen U20"]
[WhiteTeamCountry "GER"]
[BlackTeamCountry "GER"]

1. e4 c5 2. Nf3 d6 3. d4 cxd4 4. Nxd4 Nf6 5. Nc3 a6 6. Be3 e5 7. Nf3 h6 8. Bc4 Be7 9. Bb3 Nbd7 10. a4 b6 11. 0-0 Bb7 12. Qd3 Qc7 13. Rfd1 0-0 14. Rac1 Rfd8 15. Nd5 Nxd5 16. Bxd5 Bxd5 17. Qxd5 Rab8 18. c4 Nf6 19. Qd3 Qb7 20. Nd2 b5 21. axb5 axb5 22. f3 bxc4 23. Nxc4 Qb5 24. Rb1 Kf8 25. Na3 Qxd3 26. Rxd3 d5 27. exd5 Rxd5 28. Rc3 Ke8 29. Nc4 Nd7 30. b3 Rdb5 31. Kf2 f5 32. Ke2 Nf6 33. f4 Nd5 34. Rc2 Nxf4+ 35. Bxf4 exf4 36. Rcb2 Kf7 37. Kd3 g5 38. Nd2 g4 39. Rf1 Rb4 40. h3 Bf6 41. Rbb1 Kg6 42. hxg4 fxg4 43. Ke2 Re8+ 44. Kd3 Rd4+ 45. Kc2 Re2 0-1

[Event "EU Union-ch U14"]
[Site "Kouty nad Desnou"]
[Date "2020.08.20"]
[Round "7"]
[White "Valdman, Jakub"]
[Black "Wagner, Margarethe"]
[Result "0-1"]
[WhiteElo "1443"]
[BlackElo "1907"]
[PlyCount "62"]
[EventDate "2020.08.14"]
[EventType "swiss"]
[EventRounds "9"]
[EventCountry "CZE"]
[SourceTitle "EXT 2021"]
[Source "ChessBase"]
[SourceDate "2020.10.23"]
[SourceVersion "1"]
[SourceVersionDate "2020.10.23"]
[SourceQuality "1"]

1. e4 c5 2. Nf3 d6 3. d4 cxd4 4. Nxd4 Nf6 5. Nc3 a6 6. Be2 e5 7. Nb3 Be7 8. 0-0 0-0 9. Kh1 b5 10. a3 Bb7 11. Qd3 Nbd7 12. f4 exf4 13. Bxf4 Ne5 14. Qe3 Rc8 15. Nd4 Nc4 16. Bxc4 Rxc4 17. b3 Rxc3 18. Qxc3 Nxe4 19. Qe3 Bf6 20. Rae1 Qc8 21. Qd3 Re8 22. Ne2 h6 23. Ng3 Nf2+ 24. Rxf2 Rxe1+ 25. Rf1 Qc6 26. Qd2 Bc3 27. Qf2 g5 28. Be3 Qxg2+ 29. Qxg2 Bxg2+ 30. Kxg2 Rxe3 31. Nf5 Re6 0-1

[Event "GER Pfingstopen U25"]
[Site "Playchess.com INT"]
[Date "2020.06.02"]
[Round "6"]
[White "Traetmar, Mattis"]
[Black "Wagner, Margarethe"]
[Result "1/2-1/2"]
[WhiteElo "1888"]
[BlackElo "1686"]
[PlyCount "109"]
[EventDate "2020.06.02"]
[EventType "swiss (blitz)"]
[EventRounds "11"]
[EventCountry "GER"]
[SourceTitle "CBM 197 Extra"]
[Source "ChessBase"]
[SourceDate "2020.09.30"]
[SourceVersion "1"]
[SourceVersionDate "2020.09.30"]
[SourceQuality "1"]

1. e4 c5 2. Nf3 d6 3. d4 cxd4 4. Nxd4 Nf6 5. Nc3 a6 6. Bg5 Nbd7 7. f4 Qc7 8. Qf3 h5 9. 0-0-0 e6 10. Bd3 Be7 11. Rhe1 b5 12. Nd5 exd5 13. exd5 Bb7 14. Nf5 0-0-0 15. Nxe7+ Kb8 16. Nc6+ Bxc6 17. dxc6 Nc5 18. Kb1 Rhe8 19. Bxf6 gxf6 20. Rxe8 Rxe8 21. Qxh5 Nxd3 22. cxd3 Qxc6 23. Qxf7 Rc8 24. Qb3 Qxg2 25. a4 Qb7 26. axb5 Qxb5 27. Qxb5+ axb5 28. Re1 Kc7 29. Re7+ Kc6 30. Rf7 Rh8 31. Rxf6 Rxh2 32. Kc1 Kc5 33. Rg6 Rf2 34. Rf6 d5 35. Rf8 Kd4 36. f5 Kxd3 37. Kb1 d4 38. f6 Kd2 39. Rd8 d3 40. Ka2 Rxf6 41. Kb3 Rc6 42. Kb4 Kc2 43. Kxb5 Rc7 44. Kb6 Re7 45. b4 d2 46. Rc8+ Kd1 47. b5 Ke1 48. Rd8 d1Q 49. Rxd1+ Kxd1 50. Kc6 Kc2 51. b6 Re6+ 52. Kc7 Re7+ 53. Kc6 Kc3 54. b7 Rxb7 55. Kxb7 1/2-1/2

[Event "GER-ch U18 sf Berlin Online"]
[Site "Playchess.com INT"]
[Date "2020.05.01"]
[Round "3"]
[White "Eilenberg, Jonas"]
[Black "Wagner, Margarethe"]
[Result "1-0"]
[WhiteElo "2228"]
[BlackElo "1664"]
[PlyCount "89"]
[EventDate "2020.05.01"]
[EventType "swiss (blitz)"]
[EventRounds "13"]
[EventCountry "GER"]
[SourceTitle "CBM 195 Extra"]
[Source "ChessBase"]
[SourceDate "2020.05.31"]
[SourceVersion "1"]
[SourceVersionDate "2020.05.31"]
[SourceQuality "1"]

1. d4 Nf6 2. Nf3 g6 3. Nbd2 Bg7 4. e4 d6 5. Bd3 0-0 6. 0-0 e5 7. c3 Nc6 8. Re1 Bf5 9. exf5 exd4 10. cxd4 Nd5 11. fxg6 hxg6 12. Nf1 Qd7 13. Ng3 Rae8 14. Rxe8 Rxe8 15. Bg5 Nb6 16. h3 Nxd4 17. Nxd4 Bxd4 18. Ne4 Bxb2 19. Rb1 Bg7 20. Qf3 d5 21. Nf6+ Bxf6 22. Bxf6 Qe6 23. Qf4 c5 24. Qh4 Qxf6 25. Qxf6 c4 26. Bc2 Re6 27. Qd8+ Kg7 28. a4 d4 29. Qxd4+ Kh7 30. a5 Nd7 31. Rxb7 Ne5 32. Qh4+ Kg7 33. Qg3 Re8 34. Rxa7 Re6 35. a6 Nc6 36. Rc7 Nd4 37. a7 Ne2+ 38. Kh2 Nxg3 39. a8Q Nf5 40. Bxf5 gxf5 41. Qb7 Rf6 42. Qb2 Kg6 43. Rxc4 Re6 44. Rh4 Rf6 45. Qb8 1-0